000 00752cam a2200229 a 4500
001 000010234
005 20200929162217.0
008 820526s1973 ve 000 p spa
035 _a(DLC) 76867655
040 _aDO-SdBNP
_bspa
_cCarP
_dDLC
_dBNPHU
082 _aV861.44
_bR741e
100 1 _aRojas Guardia, Pablo.,
_d1909 - 1978.
_920730
245 1 0 _aEspejos de noviembre para sueños de abril /
_cPablo Rojas Guardia.
260 _aCaracas :
_bMonte Ávila,
_c1973.
300 _a95 p. ;
_c16 cm.
490 1 _aBiblioteca popular eldorado
_v82
650 4 _aPoesìa venezolana
_917326
650 4 _aLiteratura venezolana
_ySIGLO XX
_99777
830 0 _aBiblioteca popular eldorado ;
_v82.
_916894
910 _aCatalogación derivada
049 _aBNGR
999 _c9993
_d9993